00765 a2200205 4500010001400000020002300014035001300037037001500050082001100065090001700076100002100093245006100114260004900175270006700224300003000291500006000321942002500381999001700406952013600423 aENG-89329 a1831303412c595.00 aEN-72862 bDBAD / PUB14a647.94 c10766d107661 aMohanty, Pragati1 aHotel industry and tourism in India/cby Pragati Mohanty aNew DelhibAPH Publishing Corporationc2008 a4435-36/7, Ansari Road, Darya Ganj,bNew DelhicDelhie110002 axiv, 262 p.c22 cm ( Hb.) aIncludes appendix, bibliographical references and index adplcENk647.94/ MOH c10470d10470 00102ddc40718NFICaDBADbDBADeDBAD/PUBg595.00l0o647.94 MOHpEN-72862r2008-09-15 00:00:00t1u11528v595.00w2008-09-15yEN